An introduction to world politics. (Record no. 2574)

MARC details
000 -LEADER
fixed length control field 00759cam a22002651 4500
001 - CONTROL NUMBER
control field 6057787
003 - CONTROL NUMBER IDENTIFIER
control field GBCCL
005 - DATE AND TIME OF LATEST TRANSACTION
control field 20241126110432.0
008 - FIXED-LENGTH DATA ELEMENTS--GENERAL INFORMATION
fixed length control field 750502s1956 enka 000 0 eng
010 ## -
-- 56003278
015 ## -
-- GB56-7092
035 ## - SYSTEM CONTROL NUMBER
System control number (OCoLC)1309680
040 ## - CATALOGING SOURCE
Original cataloging agency DLC
Transcribing agency OClU
Modifying agency OCoLC
-- Uk
-- DLC
042 ## -
-- premarc
050 00 -
-- D843
-- .F75 1956
082 ## - DEWEY DECIMAL CLASSIFICATION NUMBER
Classification number 320.9
Item number FRI
100 1# - MAIN ENTRY--PERSONAL NAME
Personal name Friedmann, Wolfgang,
Dates associated with a name 1907-1972.
9 (RLIN) 5398
245 13 - TITLE STATEMENT
Title An introduction to world politics.
250 ## - EDITION STATEMENT
Edition statement [3d ed.]
260 ## - PUBLICATION, DISTRIBUTION, ETC.
Place of publication, distribution, etc. London,
Name of publisher, distributor, etc. Macmillan;
Place of publication, distribution, etc. New York,
Name of publisher, distributor, etc. St. Martin's Press,
Date of publication, distribution, etc. 1956.
300 ## - PHYSICAL DESCRIPTION
Extent 454 p.
Other physical details illus.
Dimensions 20 cm.
650 #0 - SUBJECT ADDED ENTRY--TOPICAL TERM
Topical term or geographic name entry element World politics
Chronological subdivision 1945-1989.
9 (RLIN) 5399
906 ## - LOCAL DATA ELEMENT F, LDF (RLIN)
a 7
b cbc
c oclcrpl
d u
e ncip
f 19
g y-gencatlg
942 ## - ADDED ENTRY ELEMENTS (KOHA)
Source of classification or shelving scheme Dewey Decimal Classification
Koha item type Books
Holdings
Withdrawn status Lost status Source of classification or shelving scheme Damaged status Not for loan Home library Current Library Shelving location Date acquired Total checkouts Full call number Barcode Date last seen Copy number Price effective from Koha item type
    Dewey Decimal Classification     GRACE BIBLE COLLEGE GRACE BIBLE COLLEGE General Studies 2017-08-25   320.9 FRI 009245 2025-05-01 c.1 2017-08-25 Books
© Grace Bible College Library 2025